Culture Générale - Série 2212 - Statistiques

Statistiques générales
  • Ce quiz a été pris 134 fois
  • Le résultat moyen est 8 sur 10
Statistiques - réponses
Question Réponse % Correct
On appelle une histoire idéaliste et romantique : "histoire à l'eau de ... rose
99%
Comment appelle-t-on cette forme d'argot qui consiste à inverser les syllabes d'un mot ? verlan
92%
A quel art associe-t-on Robert Doisneau ? voir photo photographie
91%
Quel est l'arbre le plus répandu dans la forêt française ? chêne
89%
Quel oiseau est le symbole de l'Alsace ? cigogne
86%
Quelle est l'année des premiers congés payés en France ? 1936
85%
Quel est le nom du sculpteur du "Penseur" et de "L'homme qui marche" ? prénom et nom Auguste Rodin
84%
Quelle ville française est la capitale mondiale du parfum ? Grasse
83%
Faire une faveur à quelqu'un, c'est lui faire une ... fleur
76%
Quelle a été la 1ère femme Présidente du Parlement européen de 1979 à 1982 ? prénom et nom Simone Veil
54%
Aucun quiz correspondant
Distribution des résultats
% des personnes avec chaque résultat
Percentile par nombre de réponses
Votre historique - résultats
Vous n’avez pas pris ce quiz